000 00802nam a22002295i 4500
001 81401
003 ES-MaACL
005 20250716062620.0
007 t|
008 041104q19001999fr ||||0| fre d
040 _aM-BN
_bspa
_cM-BN
100 1 _aHugo, Victor,
_d1802-1885
_964627
245 1 0 _aActes et paroles /
_cVictor Hugo.
260 _aParis :
_bJ. Hetzel,
_c[19--?]
300 _a8 v. ;
_c19 cm.
490 1 _aOeuvres complètes de Victor Hugo
505 8 _aContiene: V. 1 y 2. Avant l'exil, 1841-1851 ; 1849-1851. -- V. 3 y 4. Pendant l'exil, 1853-1861 ; 1862-1870. -- V. 5 a 8. Depuis l'exil, 1870-1871 ; 1871-1876 ; 1876-1880 ; 1881-1885
830 0 _aOeuvres complètes de Victor Hugo
_9187960
852 _aES-MaACL
_jG-3138-45
999 _c81401
_d81401